[Event "Girls U14 Polish Youth Championship"]
[Site "chess24.com"]
[Date "2018.05.03"]
[Round "6"]
[White "Trzaskowska, Hanna"]
[Black "Wojtas, Julia"]
[Result "1/2-1/2"]
[Board "6"]
[WhiteElo "1589"]
[WhiteCountry "POL"]
[WhiteFideId "21820716"]
[WhiteEloChange "-4"]
[BlackElo "1436"]
[BlackCountry "POL"]
[BlackFideId "21825394"]
[BlackEloChange "4"]

1. e4 {[%clk 1:30:57]} e6 {[%clk 1:30:53]} 2. d4 {[%clk 1:31:23]} d5 {[%clk
1:31:13]} 3. Nd2 {[%clk 1:31:49]} Be7 {[%clk 1:31:36]} 4. e5 {[%clk 1:30:54]} c5
{[%clk 1:31:24]} 5. Qg4 {[%clk 1:19:33]} g6 {[%clk 1:22:39]} 6. Bb5+ {[%clk
0:59:11]} Bd7 {[%clk 1:19:21]} 7. Bxd7+ {[%clk 0:55:35]} Nxd7 {[%clk 1:16:28]} 8.
c3 {[%clk 0:53:21]} Nh6 {[%clk 1:12:12]} 9. Qe2 {[%clk 0:48:58]} Nf5 {[%clk
1:06:17]} 10. g4 {[%clk 0:41:53]} Nh4 {[%clk 1:05:32]} 11. f4 {[%clk 0:30:18]} h5
{[%clk 0:48:06]} 12. h3 {[%clk 0:29:06]} cxd4 {[%clk 0:46:05]} 13. cxd4 {[%clk
0:28:36]} Qb6 {[%clk 0:45:18]} 14. Nb3 {[%clk 0:24:08]} Qb4+ {[%clk 0:38:45]} 15.
Bd2 {[%clk 0:21:40]} Qc4 {[%clk 0:33:50]} 16. Rc1 {[%clk 0:18:00]} Qxe2+ {[%clk
0:32:37]} 17. Kxe2 {[%clk 0:17:44]} Nb6 {[%clk 0:24:13]} 18. Na5 {[%clk 0:17:09]}
Kd7 {[%clk 0:22:44]} 19. Nxb7 {[%clk 0:10:56]} Rac8 {[%clk 0:18:02]} 20. Nc5+
{[%clk 0:08:59]} Bxc5 {[%clk 0:17:43]} 21. dxc5 {[%clk 0:07:48]} Nc4 {[%clk
0:13:46]} 22. b3 {[%clk 0:06:25]} Nxd2 {[%clk 0:11:31]} 23. Kxd2 {[%clk 0:06:05]}
Kc6 {[%clk 0:11:46]} 24. Ne2 {[%clk 0:05:24]} g5 {[%clk 0:11:16]} 25. Ke3 {[%clk
0:03:42]} Ng6 {[%clk 0:08:31]} 26. Nd4+ {[%clk 0:01:54]} Kb7 {[%clk 0:08:08]} 27.
f5 {[%clk 0:01:25]} Nxe5 {[%clk 0:06:46]} 28. fxe6 {[%clk 0:01:22]} fxe6 {[%clk
0:06:24]} 29. gxh5 {[%clk 0:01:01]} Nc6 {[%clk 0:05:25]} 30. Nxc6 {[%clk
0:00:43]} Kxc6 {[%clk 0:05:29]} 31. Kd4 {[%clk 0:00:46]} Rxh5 {[%clk 0:05:04]}
32. Rhe1 {[%clk 0:00:38]} Rh4+ {[%clk 0:04:55]} 33. Ke5 {[%clk 0:00:48]} Rxh3
{[%clk 0:05:12]} 34. Kxe6 {[%clk 0:00:50]} Re8+ {[%clk 0:05:34]} 35. Kf5 {[%clk
0:00:57]} Rxe1 {[%clk 0:05:56]} 36. Rxe1 {[%clk 0:01:15]} Kxc5 {[%clk 0:06:12]}
37. Kxg5 {[%clk 0:01:26]} Rh2 {[%clk 0:06:11]} 38. a4 {[%clk 0:00:53]} Rb2 {[%clk
0:05:42]} 39. Re7 {[%clk 0:01:01]} Rxb3 {[%clk 0:05:09]} 40. Rxa7 {[%clk
0:01:03]} Ra3 {[%clk 0:05:25]} 41. Kf5 {[%clk 0:00:43]} Kb4 {[%clk 0:04:29]} 42.
Ke5 {[%clk 0:00:45]} Rxa4 {[%clk 0:04:41]} 43. Rxa4+ {[%clk 0:00:43]} Kxa4 {[%clk
0:05:04]} 44. Kxd5 {[%clk 0:01:09]} 1/2-1/2

[Event "Girls U14 Polish Youth Championship"]
[Site "chess24.com"]
[Date "2018.05.03"]
[Round "6"]
[White "Zniszczol, Wiktoria"]
[Black "Sokol, Maria"]
[Result "1-0"]
[Board "7"]
[WhiteElo "1555"]
[WhiteCountry "POL"]
[WhiteFideId "1194895"]
[WhiteEloChange "6"]
[BlackElo "1401"]
[BlackCountry "POL"]
[BlackFideId "21823383"]
[BlackEloChange "-6"]

1. e4 {[%clk 1:30:58]} c5 {[%clk 1:30:47]} 2. Nc3 {[%clk 1:31:23]} Nc6 {[%clk
1:30:55]} 3. f4 {[%clk 1:31:39]} d6 {[%clk 1:30:50]} 4. Nf3 {[%clk 1:31:56]} g6
{[%clk 1:30:48]} 5. Bc4 {[%clk 1:32:13]} Bg7 {[%clk 1:30:41]} 6. O-O {[%clk
1:32:22]} e6 {[%clk 1:29:36]} 7. f5 {[%clk 1:28:54]} exf5 {[%clk 1:27:54]} 8. d3
{[%clk 1:29:05]} Nge7 {[%clk 1:25:06]} 9. Qe1 {[%clk 1:28:41]} O-O {[%clk
1:21:37]} 10. Qh4 {[%clk 1:28:33]} Nd4 {[%clk 1:18:29]} 11. Bg5 {[%clk 1:21:45]}
Re8 {[%clk 1:16:37]} 12. Nd5 {[%clk 1:15:43]} Ndc6 {[%clk 1:09:57]} 13. Nf6+
{[%clk 1:12:59]} Bxf6 {[%clk 1:08:55]} 14. Bxf6 {[%clk 1:13:24]} h5 {[%clk
1:09:04]} 15. Qg5 {[%clk 1:11:48]} Kh7 {[%clk 0:58:40]} 16. Bxf7 {[%clk 1:11:07]}
Rg8 {[%clk 0:44:33]} 17. Bxg8+ {[%clk 0:59:29]} Kxg8 {[%clk 0:43:05]} 18. Nh4
{[%clk 0:56:16]} Kh7 {[%clk 0:41:05]} 19. Nxg6 {[%clk 0:55:39]} Qc7 {[%clk
0:36:52]} 20. Qxh5+ {[%clk 0:55:44]} Kg8 {[%clk 0:36:57]} 21. Qh8+ {[%clk
0:55:14]} Kf7 {[%clk 0:36:41]} 22. Qg7+ {[%clk 0:53:35]} Ke8 {[%clk 0:32:53]} 23.
Qf8+ {[%clk 0:51:23]} Kd7 {[%clk 0:33:10]} 24. Bxe7 {[%clk 0:49:47]} Nxe7 {[%clk
0:33:29]} 25. Qxe7+ {[%clk 0:49:06]} Kc6 {[%clk 0:33:50]} 26. Qxc7+ {[%clk
0:49:04]} Kxc7 {[%clk 0:34:09]} 27. exf5 {[%clk 0:49:25]} Bxf5 {[%clk 0:34:16]}
28. Rxf5 {[%clk 0:49:42]} Re8 {[%clk 0:33:43]} 29. Kf2 {[%clk 0:49:30]} Kc6
{[%clk 0:33:16]} 30. Re1 {[%clk 0:49:24]} Rd8 {[%clk 0:33:10]} 31. h4 {[%clk
0:49:39]} Kb5 {[%clk 0:33:29]} 32. h5 {[%clk 0:49:47]} Rg8 {[%clk 0:33:50]} 33.
Re6 {[%clk 0:49:39]} Rd8 {[%clk 0:33:35]} 34. h6 {[%clk 0:49:59]} Rd7 {[%clk
0:33:56]} 35. Re7 {[%clk 0:50:23]} Rd8 {[%clk 0:34:16]} 36. h7 {[%clk 0:50:43]}
b6 {[%clk 0:34:37]} 37. Rf8 {[%clk 0:50:47]} Rxf8+ {[%clk 0:35:00]} 38. Nxf8
{[%clk 0:51:11]} a5 {[%clk 0:35:13]} 39. h8Q {[%clk 0:51:22]} d5 {[%clk 0:35:32]}
40. Qf6 {[%clk 0:50:48]} c4 {[%clk 0:35:45]} 41. a4+ {[%clk 0:50:11]} Kxa4 {[%clk
0:36:08]} 42. Qc6+ {[%clk 0:50:27]} b5 {[%clk 0:36:34]} 43. Rb7 {[%clk 0:50:13]}
1-0

[Event "Girls U14 Polish Youth Championship"]
[Site "chess24.com"]
[Date "2018.05.03"]
[Round "6"]
[White "Kudlak, Julia"]
[Black "Krzyzosiak, Anna"]
[Result "1-0"]
[Board "8"]
[WhiteElo "1209"]
[WhiteCountry "POL"]
[WhiteFideId "21859990"]
[WhiteEloChange "18"]
[BlackElo "1552"]
[BlackCountry "POL"]
[BlackFideId "21820430"]
[BlackEloChange "-18"]

1. e4 {[%clk 1:30:56]} e5 {[%clk 1:30:55]} 2. Nf3 {[%clk 1:31:12]} Nc6 {[%clk
1:31:20]} 3. Bc4 {[%clk 1:31:03]} Bc5 {[%clk 1:31:36]} 4. c3 {[%clk 1:30:59]} Nf6
{[%clk 1:31:30]} 5. d4 {[%clk 1:30:53]} exd4 {[%clk 1:31:50]} 6. e5 {[%clk
1:29:50]} d5 {[%clk 1:31:05]} 7. Bb5 {[%clk 1:27:13]} Ne4 {[%clk 1:28:54]} 8.
cxd4 {[%clk 1:25:49]} Bb4+ {[%clk 1:27:18]} 9. Bd2 {[%clk 1:21:55]} Nxd2 {[%clk
1:22:23]} 10. Nbxd2 {[%clk 1:21:14]} O-O {[%clk 1:19:59]} 11. O-O {[%clk
1:14:50]} Bg4 {[%clk 1:11:14]} 12. Qa4 {[%clk 1:11:11]} Bxd2 {[%clk 0:59:02]} 13.
Nxd2 {[%clk 1:11:13]} Qg5 {[%clk 0:55:17]} 14. f4 {[%clk 1:04:51]} Qg6 {[%clk
0:48:38]} 15. Bxc6 {[%clk 0:59:37]} bxc6 {[%clk 0:47:52]} 16. Rac1 {[%clk
0:55:03]} Bd7 {[%clk 0:41:59]} 17. Rc3 {[%clk 0:51:18]} Qf5 {[%clk 0:36:18]} 18.
Qa3 {[%clk 0:49:35]} f6 {[%clk 0:32:27]} 19. Rcf3 {[%clk 0:44:07]} Qc2 {[%clk
0:24:02]} 20. Nb3 {[%clk 0:40:18]} fxe5 {[%clk 0:16:18]} 21. dxe5 {[%clk
0:37:19]} Bg4 {[%clk 0:11:20]} 22. Rc3 {[%clk 0:34:19]} Qe4 {[%clk 0:09:25]} 23.
Qc5 {[%clk 0:27:21]} Bd7 {[%clk 0:00:46]} 24. Re3 {[%clk 0:27:04]} Qf5 {[%clk
0:00:45]} 25. Nd4 {[%clk 0:27:05]} Qg6 {[%clk 0:00:53]} 26. e6 {[%clk 0:27:11]}
Be8 {[%clk 0:01:03]} 27. f5 {[%clk 0:27:06]} Qg5 {[%clk 0:00:48]} 28. Rg3 {[%clk
0:26:48]} Qf6 {[%clk 0:01:01]} 29. Re1 {[%clk 0:24:05]} Rb8 {[%clk 0:00:40]} 30.
Qxa7 {[%clk 0:23:08]} Rxb2 {[%clk 0:00:59]} 31. Kh1 {[%clk 0:19:27]} Rd2 {[%clk
0:00:45]} 32. Nf3 {[%clk 0:13:09]} Rd3 {[%clk 0:00:44]} 33. Qxc7 {[%clk 0:11:41]}
Qc3 {[%clk 0:00:34]} 34. Rf1 {[%clk 0:10:41]} Bh5 {[%clk 0:00:31]} 35. e7 {[%clk
0:10:47]} Re8 {[%clk 0:00:39]} 36. Qd7 {[%clk 0:09:30]} Re3 {[%clk 0:00:35]} 37.
Qd6 {[%clk 0:02:59]} R3xe7 {[%clk 0:00:46]} 38. f6 {[%clk 0:03:11]} Rf7 {[%clk
0:00:33]} 39. Rxg7+ {[%clk 0:01:55]} Rxg7 {[%clk 0:00:53]} 40. fxg7 {[%clk
0:02:02]} Bxf3 {[%clk 0:00:33]} 41. gxf3 {[%clk 0:02:17]} Kxg7 {[%clk 0:00:33]}
42. Qd7+ {[%clk 0:02:12]} Kf8 {[%clk 0:00:54]} 43. Qf5+ {[%clk 0:02:12]} Kg8
{[%clk 0:01:01]} 44. Rg1+ {[%clk 0:02:35]} Kh8 {[%clk 0:01:26]} 45. Qh5 {[%clk
0:02:04]} Qe5 {[%clk 0:01:09]} 46. Qf7 {[%clk 0:01:43]} Qe7 {[%clk 0:01:12]} 47.
Rg8+ {[%clk 0:01:50]} Rxg8 {[%clk 0:01:12]} 48. Qxe7 {[%clk 0:02:17]} 1-0

[Event "Girls U14 Polish Youth Championship"]
[Site "chess24.com"]
[Date "2018.05.03"]
[Round "6"]
[White "Mirowska, Oliwia"]
[Black "Mytnik, Kinga"]
[Result "0-1"]
[Board "9"]
[WhiteElo "1492"]
[WhiteCountry "POL"]
[WhiteFideId "21807574"]
[WhiteEloChange "-14"]
[BlackElo "1334"]
[BlackCountry "POL"]
[BlackFideId "21819572"]
[BlackEloChange "14"]

1. f4 {[%clk 1:30:57]} d5 {[%clk 1:30:53]} 2. g3 {[%clk 1:31:19]} Nf6 {[%clk
1:31:07]} 3. Bg2 {[%clk 1:31:42]} Bf5 {[%clk 1:30:35]} 4. Nf3 {[%clk 1:31:54]}
Nc6 {[%clk 1:30:33]} 5. O-O {[%clk 1:32:11]} e6 {[%clk 1:29:52]} 6. d3 {[%clk
1:30:15]} Be7 {[%clk 1:24:24]} 7. c3 {[%clk 1:30:04]} Qd7 {[%clk 1:22:55]} 8. Qe1
{[%clk 1:29:35]} Bc5+ {[%clk 1:12:31]} 9. d4 {[%clk 1:28:40]} Bb6 {[%clk
1:12:50]} 10. Nh4 {[%clk 1:28:27]} Ne7 {[%clk 1:11:17]} 11. Nd2 {[%clk 1:23:39]}
c5 {[%clk 1:06:46]} 12. Ndf3 {[%clk 1:20:41]} cxd4 {[%clk 1:00:22]} 13. cxd4
{[%clk 1:20:55]} Be4 {[%clk 0:57:41]} 14. a4 {[%clk 1:18:58]} Nc6 {[%clk
0:53:05]} 15. Qd1 {[%clk 1:13:27]} Qd6 {[%clk 0:47:14]} 16. b3 {[%clk 1:10:34]}
Ba5 {[%clk 0:38:06]} 17. e3 {[%clk 1:07:04]} Bc3 {[%clk 0:37:08]} 18. Ba3 {[%clk
1:07:03]} Bb4 {[%clk 0:36:57]} 19. Bb2 {[%clk 1:06:39]} Ng4 {[%clk 0:35:04]} 20.
Qe2 {[%clk 1:05:30]} Nf6 {[%clk 0:28:21]} 21. Ne5 {[%clk 0:44:49]} Bxg2 {[%clk
0:25:26]} 22. Kxg2 {[%clk 0:45:01]} Ne4 {[%clk 0:24:20]} 23. Rfd1 {[%clk
0:43:53]} a6 {[%clk 0:19:09]} 24. Nxc6 {[%clk 0:39:06]} Qxc6 {[%clk 0:18:51]} 25.
Qd3 {[%clk 0:37:08]} O-O {[%clk 0:16:04]} 26. Nf3 {[%clk 0:37:05]} f6 {[%clk
0:16:19]} 27. Ba3 {[%clk 0:36:27]} Bxa3 {[%clk 0:15:45]} 28. Rxa3 {[%clk
0:36:16]} Rac8 {[%clk 0:15:31]} 29. Ra2 {[%clk 0:28:16]} Qc3 {[%clk 0:12:50]} 30.
Re2 {[%clk 0:22:03]} Qxd3 {[%clk 0:11:47]} 31. Rxd3 {[%clk 0:22:16]} Rc1 {[%clk
0:10:05]} 32. Rb2 {[%clk 0:16:32]} Rfc8 {[%clk 0:10:28]} 33. Re2 {[%clk 0:14:56]}
Rb1 {[%clk 0:09:54]} 34. Ne1 {[%clk 0:11:59]} Nc3 {[%clk 0:09:39]} 35. Rc2 {[%clk
0:11:25]} Rxb3 {[%clk 0:10:02]} 36. Nf3 {[%clk 0:11:10]} Rc6 {[%clk 0:10:07]} 37.
Ne1 {[%clk 0:07:33]} Ra3 {[%clk 0:10:18]} 38. Rb2 {[%clk 0:07:25]} Ra2 {[%clk
0:08:41]} 39. Rxa2 {[%clk 0:07:04]} Nxa2 {[%clk 0:09:07]} 40. Rb3 {[%clk
0:07:19]} b6 {[%clk 0:09:10]} 41. Nd3 {[%clk 0:07:06]} a5 {[%clk 0:08:07]} 42.
Kf1 {[%clk 0:06:35]} Nc3 {[%clk 0:08:23]} 43. Nb2 {[%clk 0:06:48]} Kf7 {[%clk
0:08:32]} 44. Ke1 {[%clk 0:07:00]} Ke7 {[%clk 0:08:20]} 45. Kd2 {[%clk 0:07:05]}
Ne4+ {[%clk 0:08:37]} 46. Kd3 {[%clk 0:06:57]} Nf2+ {[%clk 0:08:35]} 47. Kd2
{[%clk 0:06:48]} Ng4 {[%clk 0:08:54]} 48. h4 {[%clk 0:06:03]} Nf2 {[%clk
0:09:15]} 49. Ke2 {[%clk 0:05:56]} Ne4 {[%clk 0:09:31]} 50. g4 {[%clk 0:06:11]}
Kd6 {[%clk 0:09:38]} 51. g5 {[%clk 0:06:01]} Kc7 {[%clk 0:09:43]} 52. gxf6 {[%clk
0:05:09]} gxf6 {[%clk 0:09:34]} 53. Kf3 {[%clk 0:04:53]} Nd2+ {[%clk 0:09:54]}
0-1

[Event "Girls U14 Polish Youth Championship"]
[Site "chess24.com"]
[Date "2018.05.03"]
[Round "6"]
[White "Sloniewska, Alicja"]
[Black "Bienko, Jagoda"]
[Result "1-0"]
[Board "10"]
[WhiteElo "1360"]
[WhiteCountry "POL"]
[WhiteFideId "21823359"]
[WhiteEloChange "13"]
[BlackElo "1476"]
[BlackCountry "POL"]
[BlackFideId "1194569"]
[BlackEloChange "-13"]

1. d4 {[%clk 1:30:40]} d5 {[%clk 1:30:48]} 2. c4 {[%clk 1:30:49]} c6 {[%clk
1:31:08]} 3. cxd5 {[%clk 1:30:25]} cxd5 {[%clk 1:30:53]} 4. Nc3 {[%clk 1:30:06]}
Nc6 {[%clk 1:30:54]} 5. Bf4 {[%clk 1:29:21]} Bf5 {[%clk 1:30:42]} 6. e3 {[%clk
1:27:31]} a6 {[%clk 1:30:05]} 7. Qb3 {[%clk 1:25:23]} Na5 {[%clk 1:19:58]} 8.
Qxd5 {[%clk 1:23:30]} e6 {[%clk 1:18:58]} 9. Qxd8+ {[%clk 1:23:15]} Kxd8 {[%clk
1:18:55]} 10. Nf3 {[%clk 1:22:45]} Bb4 {[%clk 1:11:51]} 11. Ne5 {[%clk 1:21:13]}
Ke7 {[%clk 1:11:25]} 12. Be2 {[%clk 1:20:05]} Nf6 {[%clk 1:07:57]} 13. O-O {[%clk
1:18:01]} Bxc3 {[%clk 1:01:46]} 14. bxc3 {[%clk 1:18:24]} Ne4 {[%clk 0:59:21]}
15. c4 {[%clk 1:15:24]} f6 {[%clk 0:58:40]} 16. Nf3 {[%clk 1:14:39]} Nc3 {[%clk
0:58:31]} 17. Bd1 {[%clk 1:10:01]} Bd3 {[%clk 0:55:41]} 18. Re1 {[%clk 1:08:53]}
Bxc4 {[%clk 0:47:25]} 19. Bc7 {[%clk 1:04:24]} Nc6 {[%clk 0:47:21]} 20. a4 {[%clk
1:02:29]} Nd5 {[%clk 0:36:35]} 21. Bg3 {[%clk 1:02:01]} Ndb4 {[%clk 0:35:09]} 22.
Nd2 {[%clk 1:00:03]} Bd3 {[%clk 0:34:37]} 23. Nb3 {[%clk 0:58:41]} Bc4 {[%clk
0:33:52]} 24. Nc5 {[%clk 0:54:46]} Nd3 {[%clk 0:33:50]} 25. Nxd3 {[%clk 0:53:52]}
Bxd3 {[%clk 0:34:12]} 26. Bf3 {[%clk 0:52:54]} Rac8 {[%clk 0:31:14]} 27. Red1
{[%clk 0:51:34]} Bc4 {[%clk 0:30:14]} 28. Rdc1 {[%clk 0:50:12]} Na5 {[%clk
0:22:01]} 29. Rcb1 {[%clk 0:47:43]} Bd5 {[%clk 0:18:33]} 30. e4 {[%clk 0:46:06]}
Bb3 {[%clk 0:17:34]} 31. d5 {[%clk 0:41:20]} e5 {[%clk 0:16:15]} 32. Be2 {[%clk
0:38:17]} Rc2 {[%clk 0:12:08]} 33. Bd1 {[%clk 0:37:20]} Rc3 {[%clk 0:12:14]} 34.
f3 {[%clk 0:33:18]} Bxd1 {[%clk 0:05:47]} 35. Be1 {[%clk 0:29:35]} Rb3 {[%clk
0:05:04]} 36. Bxa5 {[%clk 0:28:17]} Rxb1 {[%clk 0:02:54]} 37. Rxb1 {[%clk
0:28:42]} Bxa4 {[%clk 0:03:18]} 38. Rxb7+ {[%clk 0:28:56]} Bd7 {[%clk 0:02:57]}
39. Bb4+ {[%clk 0:29:09]} Kd8 {[%clk 0:02:23]} 40. d6 {[%clk 0:28:31]} Re8 {[%clk
0:01:06]} 41. Ba5+ {[%clk 0:28:39]} Kc8 {[%clk 0:01:18]} 42. Rc7+ {[%clk
0:29:05]} Kd8 {[%clk 0:01:26]} 43. Rc1# {[%clk 0:29:18]} 1-0

[Event "Girls U14 Polish Youth Championship"]
[Site "chess24.com"]
[Date "2018.05.03"]
[Round "6"]
[White "Mrozek, Zofia"]
[Black "Mezykowska, Emilia"]
[Result "0-1"]
[Board "11"]
[WhiteElo "1234"]
[WhiteCountry "POL"]
[WhiteFideId "21855986"]
[WhiteEloChange "-4"]
[BlackElo "1464"]
[BlackCountry "POL"]
[BlackFideId "21862524"]
[BlackEloChange "4"]

1. e4 {[%clk 1:30:58]} Nf6 {[%clk 1:30:56]} 2. Nc3 {[%clk 1:30:57]} e5 {[%clk
1:31:19]} 3. Nf3 {[%clk 1:30:10]} Nc6 {[%clk 1:31:40]} 4. Bc4 {[%clk 1:28:51]}
Nxe4 {[%clk 1:31:52]} 5. Nxe4 {[%clk 1:29:14]} d5 {[%clk 1:32:17]} 6. Bxd5 {[%clk
1:26:39]} Qxd5 {[%clk 1:32:39]} 7. Nc3 {[%clk 1:26:40]} Qd8 {[%clk 1:30:43]} 8.
h3 {[%clk 1:26:55]} g6 {[%clk 1:27:18]} 9. O-O {[%clk 1:25:41]} Bg7 {[%clk
1:27:20]} 10. d3 {[%clk 1:25:25]} h6 {[%clk 1:25:55]} 11. Be3 {[%clk 1:23:48]}
O-O {[%clk 1:24:05]} 12. Qd2 {[%clk 1:23:22]} Kh7 {[%clk 1:22:55]} 13. Ne4 {[%clk
1:22:13]} f5 {[%clk 1:19:02]} 14. Nc3 {[%clk 1:16:56]} b6 {[%clk 1:15:48]} 15.
Qe2 {[%clk 1:15:41]} Nd4 {[%clk 1:11:26]} 16. Bxd4 {[%clk 1:12:05]} exd4 {[%clk
1:11:47]} 17. Nb1 {[%clk 1:11:33]} g5 {[%clk 1:06:04]} 18. Nbd2 {[%clk 1:09:09]}
Bb7 {[%clk 1:01:24]} 19. Nh2 {[%clk 0:59:17]} Qd6 {[%clk 0:37:46]} 20. Nc4 {[%clk
0:56:02]} Qg6 {[%clk 0:37:32]} 21. Qe7 {[%clk 0:49:51]} Qc6 {[%clk 0:36:09]} 22.
f3 {[%clk 0:47:42]} Rae8 {[%clk 0:32:22]} 23. Qb4 {[%clk 0:47:19]} a5 {[%clk
0:28:00]} 24. Qd2 {[%clk 0:46:12]} Ba6 {[%clk 0:26:20]} 25. b3 {[%clk 0:44:00]}
Bxc4 {[%clk 0:24:10]} 26. bxc4 {[%clk 0:43:42]} Qd6 {[%clk 0:23:51]} 27. Rfe1
{[%clk 0:43:18]} Be5 {[%clk 0:21:53]} 28. Nf1 {[%clk 0:43:26]} Re6 {[%clk
0:20:10]} 29. Re2 {[%clk 0:35:54]} Rfe8 {[%clk 0:16:26]} 30. Rae1 {[%clk
0:36:16]} Qa3 {[%clk 0:12:40]} 31. Qd1 {[%clk 0:32:04]} Qxa2 {[%clk 0:10:38]} 32.
Nd2 {[%clk 0:31:58]} Qa3 {[%clk 0:08:16]} 33. Nb3 {[%clk 0:31:58]} Qe7 {[%clk
0:05:51]} 34. Kf1 {[%clk 0:30:40]} Qd6 {[%clk 0:04:29]} 35. Qa1 {[%clk 0:29:37]}
c5 {[%clk 0:01:07]} 36. Nd2 {[%clk 0:28:01]} Bg3 {[%clk 0:01:02]} 37. Rxe6 {[%clk
0:27:36]} Rxe6 {[%clk 0:01:26]} 38. Rxe6 {[%clk 0:26:41]} Qxe6 {[%clk 0:01:49]}
39. Qd1 {[%clk 0:25:20]} a4 {[%clk 0:01:22]} 40. Qe2 {[%clk 0:24:45]} Qxe2+
{[%clk 0:01:32]} 41. Kxe2 {[%clk 0:25:11]} Bf4 {[%clk 0:00:59]} 42. Kd1 {[%clk
0:23:11]} Kg6 {[%clk 0:00:49]} 43. Nb1 {[%clk 0:22:21]} Kh5 {[%clk 0:00:39]} 44.
Ke2 {[%clk 0:21:54]} Kh4 {[%clk 0:00:44]} 45. Kf1 {[%clk 0:21:58]} Kg3 {[%clk
0:00:57]} 46. Kg1 {[%clk 0:21:41]} Bc1 {[%clk 0:01:12]} 47. Kf1 {[%clk 0:21:47]}
a3 {[%clk 0:01:28]} 48. Nxa3 {[%clk 0:21:43]} Bxa3 {[%clk 0:01:52]} 49. Kg1
{[%clk 0:22:07]} Bb4 {[%clk 0:02:04]} 50. Kf1 {[%clk 0:22:23]} Bd2 {[%clk
0:02:12]} 51. Kg1 {[%clk 0:22:49]} Be3+ {[%clk 0:02:28]} 52. Kh1 {[%clk 0:23:15]}
f4 {[%clk 0:02:25]} 53. c3 {[%clk 0:23:55]} dxc3 {[%clk 0:02:52]} 54. d4 {[%clk
0:24:17]} c2 {[%clk 0:03:16]} 55. dxc5 {[%clk 0:24:42]} c1Q# {[%clk 0:03:37]} 0-1

[Event "Girls U14 Polish Youth Championship"]
[Site "chess24.com"]
[Date "2018.05.03"]
[Round "6"]
[White "Lukasik, Zuzanna"]
[Black "Kieca, Aleksandra"]
[Result "0-1"]
[Board "12"]
[WhiteElo "1568"]
[WhiteCountry "POL"]
[WhiteFideId "21813906"]
[WhiteEloChange "-14"]
[BlackElo "1427"]
[BlackCountry "POL"]
[BlackFideId "21826102"]
[BlackEloChange "14"]

1. e4 {[%clk 1:30:58]} c5 {[%clk 1:30:47]} 2. Nf3 {[%clk 1:31:11]} e6 {[%clk
1:30:48]} 3. d4 {[%clk 1:31:24]} cxd4 {[%clk 1:31:09]} 4. Nxd4 {[%clk 1:31:40]}
a6 {[%clk 1:31:05]} 5. Bd3 {[%clk 1:31:47]} Nc6 {[%clk 1:31:04]} 6. Nxc6 {[%clk
1:31:53]} dxc6 {[%clk 1:31:19]} 7. Nd2 {[%clk 1:31:14]} e5 {[%clk 1:25:37]} 8.
Nc4 {[%clk 1:30:06]} Qc7 {[%clk 1:24:28]} 9. Qh5 {[%clk 1:24:56]} Bc5 {[%clk
1:20:26]} 10. Qxe5+ {[%clk 1:23:00]} Qxe5 {[%clk 1:20:50]} 11. Nxe5 {[%clk
1:23:22]} Nf6 {[%clk 1:20:43]} 12. O-O {[%clk 1:16:29]} O-O {[%clk 1:20:20]} 13.
Bf4 {[%clk 0:55:46]} Re8 {[%clk 1:17:48]} 14. Bc4 {[%clk 0:49:33]} Be6 {[%clk
1:17:36]} 15. Bxe6 {[%clk 0:38:04]} Rxe6 {[%clk 1:17:47]} 16. Nd3 {[%clk
0:31:51]} Nxe4 {[%clk 1:14:34]} 17. Nxc5 {[%clk 0:31:47]} Nxc5 {[%clk 1:14:55]}
18. Rad1 {[%clk 0:31:09]} Rae8 {[%clk 1:13:57]} 19. Be3 {[%clk 0:30:38]} Na4
{[%clk 1:12:13]} 20. Rb1 {[%clk 0:29:54]} f5 {[%clk 1:07:05]} 21. g3 {[%clk
0:29:40]} h6 {[%clk 1:04:27]} 22. Rfd1 {[%clk 0:26:33]} R6e7 {[%clk 0:56:08]} 23.
Rd3 {[%clk 0:23:37]} Re5 {[%clk 0:49:28]} 24. Rd7 {[%clk 0:13:47]} R8e7 {[%clk
0:47:18]} 25. Rd8+ {[%clk 0:09:03]} Kh7 {[%clk 0:46:48]} 26. Rd3 {[%clk 0:03:36]}
Nc5 {[%clk 0:44:15]} 27. Rd2 {[%clk 0:03:04]} Ne4 {[%clk 0:43:59]} 28. Rd4 {[%clk
0:03:07]} Nf6 {[%clk 0:43:46]} 29. h3 {[%clk 0:02:51]} Nd5 {[%clk 0:42:13]} 30.
Bf4 {[%clk 0:02:39]} Re4 {[%clk 0:32:34]} 31. Rxe4 {[%clk 0:01:50]} Rxe4 {[%clk
0:32:24]} 32. Bd2 {[%clk 0:01:51]} Rd4 {[%clk 0:31:07]} 33. Bc3 {[%clk 0:01:01]}
Rc4 {[%clk 0:31:20]} 34. Kf1 {[%clk 0:00:58]} b5 {[%clk 0:31:16]} 35. Ke2 {[%clk
0:00:57]} Nxc3+ {[%clk 0:31:19]} 36. bxc3 {[%clk 0:01:20]} Rxc3 {[%clk 0:31:41]}
37. Kd2 {[%clk 0:01:43]} Ra3 {[%clk 0:31:33]} 38. Rb2 {[%clk 0:01:48]} Rf3 {[%clk
0:31:29]} 39. Ke2 {[%clk 0:02:08]} Rc3 {[%clk 0:31:45]} 40. Kd2 {[%clk 0:02:31]}
Rc4 {[%clk 0:32:05]} 41. Rb3 {[%clk 0:02:12]} Ra4 {[%clk 0:31:36]} 42. a3 {[%clk
0:02:09]} c5 {[%clk 0:31:33]} 43. Rc3 {[%clk 0:02:15]} Kg6 {[%clk 0:27:27]} 44.
Rxc5 {[%clk 0:01:12]} Rxa3 {[%clk 0:27:05]} 45. Rc3 {[%clk 0:01:00]} Ra4 {[%clk
0:25:11]} 46. Rb3 {[%clk 0:01:12]} Kg5 {[%clk 0:24:54]} 47. Ke3 {[%clk 0:00:55]}
f4+ {[%clk 0:23:48]} 48. Ke2 {[%clk 0:00:53]} Rc4 {[%clk 0:23:24]} 49. Kd2 {[%clk
0:00:46]} fxg3 {[%clk 0:22:54]} 50. fxg3 {[%clk 0:01:10]} Kf5 {[%clk 0:23:06]}
51. Ra3 {[%clk 0:01:13]} Rc6 {[%clk 0:23:18]} 52. Rd3 {[%clk 0:01:15]} Ke6 {[%clk
0:23:03]} 53. Ra3 {[%clk 0:01:14]} Kd7 {[%clk 0:23:01]} 54. Rf3 {[%clk 0:01:04]}
Re6 {[%clk 0:22:53]} 55. Kc3 {[%clk 0:01:07]} Kc6 {[%clk 0:23:01]} 56. Kb3 {[%clk
0:01:15]} a5 {[%clk 0:22:29]} 57. c4 {[%clk 0:00:56]} a4+ {[%clk 0:19:28]} 58.
Kc3 {[%clk 0:00:45]} Rf6 {[%clk 0:18:26]} 59. Re3 {[%clk 0:00:46]} Rf5 {[%clk
0:18:22]} 60. Kb4 {[%clk 0:00:49]} bxc4 {[%clk 0:17:28]} 61. Kxc4 {[%clk
0:01:06]} Ra5 {[%clk 0:17:03]} 62. Kb4 {[%clk 0:01:14]} Ra7 {[%clk 0:17:20]} 63.
Rc3+ {[%clk 0:00:57]} Kd5 {[%clk 0:17:33]} 64. Ka3 {[%clk 0:00:50]} Kd4 {[%clk
0:17:40]} 65. Rf3 {[%clk 0:01:04]} Ke4 {[%clk 0:17:30]} 66. Rf4+ {[%clk 0:01:07]}
Ke3 {[%clk 0:17:50]} 67. Rf5 {[%clk 0:01:03]} Ra6 {[%clk 0:17:33]} 68. Rf7 {[%clk
0:00:48]} g5 {[%clk 0:16:42]} 69. h4 {[%clk 0:00:47]} gxh4 {[%clk 0:16:06]} 70.
gxh4 {[%clk 0:01:06]} Ra5 {[%clk 0:16:17]} 71. Rb7 {[%clk 0:00:41]} Kf4 {[%clk
0:15:42]} 72. Rb4+ {[%clk 0:00:39]} Kg3 {[%clk 0:15:54]} 73. h5 {[%clk 0:00:40]}
Rxh5 {[%clk 0:16:06]} 74. Rxa4 {[%clk 0:01:01]} Rf5 {[%clk 0:16:16]} 75. Kb2
{[%clk 0:01:12]} h5 {[%clk 0:16:38]} 76. Kc2 {[%clk 0:01:17]} h4 {[%clk 0:17:03]}
77. Kd2 {[%clk 0:01:14]} h3 {[%clk 0:17:25]} 78. Ke2 {[%clk 0:00:58]} h2 {[%clk
0:17:30]} 79. Ra3+ {[%clk 0:01:17]} Kg2 {[%clk 0:17:46]} 80. Re3 {[%clk 0:01:13]}
Rf2+ {[%clk 0:17:53]} 0-1